| 000 | 00886nac a22002771i 4500 | ||
|---|---|---|---|
| 003 | EG-ScBUE | ||
| 005 | 20241111093320.0 | ||
| 008 | 241111t2004 maua f 001 0 eng d | ||
| 020 | _a0763746991 | ||
| 020 | _a9780763746995 | ||
| 040 |
_aEG-ScBUE _beng _erda _cEG-ScBUE _dEG-ScBUE |
||
| 082 | 0 | 4 |
_a519.5 _bLEB _222 |
| 100 | 1 |
_aLeBlanc, David C., _eauthor. |
|
| 245 | 1 | 0 |
_aStatistics : _bconcepts and applications for science / _cDavid C. LeBlanc, Ball State University. |
| 264 | 1 |
_aBoston : _bJones and Bartlett Publishers, _c[2004] |
|
| 264 | 4 | _cc2004 | |
| 300 |
_axvii, 382 pages : _billustrations ; _c26 cm |
||
| 336 |
_2rdacontent _atext _btxt |
||
| 337 |
_aunmediated _2rdamedia _bn |
||
| 338 |
_avolume _bnc _2rdacarrier |
||
| 500 | _aIncludes index. | ||
| 500 | _aIncludes appendix. | ||
| 650 | 7 |
_aStatistics. _2BUEsh |
|
| 655 | _vReading book | ||
| 942 |
_cBB _2ddc |
||
| 999 |
_c1314 _d1314 |
||